000 00284nam a2200109Ia 4500
008 190914s9999||||xx |||||||||||||| ||und||
100 _aMichael Harrison
245 0 _aShort Poems! : Book of very Short Poems
260 _aCanada
_bTata McGraw Hill
_c2004
300 _a191
942 _cBK
999 _c9692
_d9692